| 000 | 00752nam a2200241 a 4500 | ||
|---|---|---|---|
| 001 | BRCA_6858 | ||
| 005 | 20190320205622.0 | ||
| 008 | 101111s1883----enka######---#000-0#eng-# | ||
| 041 | _aeng | ||
| 044 | _aenk | ||
| 050 | 4 |
_aF386 _b.S94 1883 |
|
| 245 | 1 | 0 |
_aOn a Mexican mustang _bthrough Texas, from the Gulf to the Rio Grande _cby Alex E. Sweet and J. Armoy Knox. |
| 260 |
_aLondres _bTrubner _c1883 |
||
| 300 |
_a672 p. _bil. _c23 cm. |
||
| 500 | _aEstado físico: lomo y cubiertas desprendidos | ||
| 500 | _aO46 | ||
| 650 | 1 | 4 |
_aViajeros estadounidenses _97583 |
| 651 | 4 |
_aTexas _xDescripción y viajes _98017 |
|
| 700 | 1 |
_aSweet, Alex E. _eaut. _917090 |
|
| 700 | 1 |
_aKnox, John Srmoy _d1851-1906 _ecoaut. _917091 |
|
| 902 | _aGFM | ||
| 942 |
_2lcc _cB |
||
| 999 |
_c6540 _d6540 |
||